000 00631nam a2200277Ia 4500
005 20260324135232.0
008 008 260324s9999 xx 000 0 eng d
020 _a9780203906682
037 _aEBOOK
040 _aCRL
040 _beng
040 _cCRL
041 _2eng
041 _aeng
084 _qCRL
100 _aDavid A Jopling
_91199843
245 0 _aSelf-Knowledge and the Self
260 _bTaylor and Francis
260 _c2000
365 _a
365 _b220
856 _uhttp://www.taylorfrancis.com/books/9780203906682
942 _cEBOOK
999 _c1800706
_d1800706